000 01206cam a2200385 a 4500
001 13117601
003 Ost
005 20140408084447.0
008 030310s2003 nyu c 000 1 eng
010 _a 2003003747
020 _a0439425190
020 _a0439425204 (alk. paper)
040 _aDLC
_cDLC
_dDLC
042 _alcac
050 0 0 _aPZ 7
_b.Y3638 2004
100 1 _aYee, Lisa.
_923601
245 1 0 _aMillicent Min, girl genius /
_cLisa Yee.
250 _a1st ed.
260 _aNew York :
_bArthur A. Levine Books,
_c2004.
300 _a248 p. :
_c22 cm.
521 _aG6
526 _c800
650 1 _aGenius
_vFiction.
_924663
650 1 _aGifted children
_vFiction.
_924664
650 1 _aFriendship
_vFiction.
_924665
650 1 _aChinese Americans
_vFiction.
_924666
650 1 _aDiaries
_vFiction.
_924667
856 4 2 _3Publisher description
_uhttp://www.loc.gov/catdir/description/schol051/2003003747.html
906 _a7
_bcbc
_corignew
_d1
_eecip
_f20
_gy-gencatlg
942 _2lcc
_cBK
999 _c33846
_d33846